| 000 | 01727nam a22002657a 4500 | ||
|---|---|---|---|
| 999 |
_c311560 _d311560 |
||
| 001 | 25267 | ||
| 003 | UA-OsUOA | ||
| 005 | 20230504161216.0 | ||
| 007 | ta | ||
| 008 | 20040330b un ||||| |||| 00| 0 ukr d | ||
| 020 | _a966-608-230-6 | ||
| 040 |
_aUA-OsUOA _bukr _cUA-OsUOA _dUA-OsUOA |
||
| 041 | _aukr | ||
| 044 | _aUA | ||
| 080 | _a330(075.8) | ||
| 090 |
_a330(075.8) _bП50 |
||
| 245 |
_aПолітична економія _bнавч. посіб. _cза заг. ред. Г. А. Оганяна |
||
| 260 |
_aКиїв _bМАУП _c2003 |
||
| 300 | _a520 с. | ||
| 520 | _aУ пропонованому посібнику висвітлено основні аспекти теоретичної економії, структуру й логіку курсу політичної економії; окреслено зв'язок економічних законів, категорій і понять з реальною дійсністю, економічною політикою, практикою господарювання. Дано відповіді на нагальні питання економічної розбудови України з використанням світового і вітчизняного досвіду. У посібнику також розглядаються особливості історичного процесу становлення різноманітних теорій і напрямів економічної думки, аналізуються погляди науковців-економістів. | ||
| 650 | 7 | _2UDC | |
| 942 |
_cBK _2udc |
||
| 955 | _a0 | ||